<?xml version="1.0" encoding="UTF-8"?>
<record
    xmlns:xsi="http://www.w3.org/2001/XMLSchema-instance"
    xsi:schemaLocation="http://www.loc.gov/MARC21/slim http://www.loc.gov/standards/marcxml/schema/MARC21slim.xsd"
    xmlns="http://www.loc.gov/MARC21/slim">

  <leader>02311nam a22002177a 4500</leader>
  <controlfield tag="005">20230830101320.0</controlfield>
  <controlfield tag="008">230823b           ||||| |||| 00| 0 eng d</controlfield>
  <datafield tag="020" ind1=" " ind2=" ">
    <subfield code="a">9789327199048</subfield>
  </datafield>
  <datafield tag="040" ind1=" " ind2=" ">
    <subfield code="c">AL</subfield>
  </datafield>
  <datafield tag="041" ind1=" " ind2=" ">
    <subfield code="a">eng</subfield>
  </datafield>
  <datafield tag="082" ind1=" " ind2=" ">
    <subfield code="2">23</subfield>
    <subfield code="a">640.02</subfield>
    <subfield code="b">SHAN</subfield>
  </datafield>
  <datafield tag="100" ind1=" " ind2=" ">
    <subfield code="a">Nandini Sharma</subfield>
    <subfield code="9">130545</subfield>
  </datafield>
  <datafield tag="245" ind1=" " ind2=" ">
    <subfield code="a">NTA UGC NET JRF SET Home Science paper 2</subfield>
  </datafield>
  <datafield tag="260" ind1=" " ind2=" ">
    <subfield code="a">New Delhi</subfield>
    <subfield code="b">Arihant Publications</subfield>
    <subfield code="c">2019</subfield>
  </datafield>
  <datafield tag="300" ind1=" " ind2=" ">
    <subfield code="a">664p.</subfield>
    <subfield code="b">PB</subfield>
    <subfield code="c">26x20cm.</subfield>
  </datafield>
  <datafield tag="365" ind1=" " ind2=" ">
    <subfield code="2">General</subfield>
    <subfield code="a">3819</subfield>
    <subfield code="b">&#x20B9;520.00</subfield>
    <subfield code="c">&#x20B9;</subfield>
    <subfield code="d">&#x20B9;650.00</subfield>
    <subfield code="e">20%</subfield>
    <subfield code="f">10-08-2023</subfield>
  </datafield>
  <datafield tag="520" ind1=" " ind2=" ">
    <subfield code="a">UGC NET is a national-level exam conducted by NTA to certify the eligibility of candidates for the post of &#x2018;Assistant Professor&#x2019; or &#x2018;Junior Research Fellowship&#x2019;.  The aspirants must check the exam pattern and latest syllabus to reserve their seats for the aforementioned post. To make yourself exam ready, take hold on the updated and revised edition of &#x201C;NTA UGC NET/JRF/SET PAPER-2 Home Science, which has been designed as a complete package for the aspiring candidates of UGC NET in Home Science. This book provides exhaustive, crisp text resources and an enormous question bank with answers to help aspirants for passing the exam on the first attempt. Prepared as per the latest syllabus applicable from June 2019, the main chapter contents are highlighted to quickly brush up on the chapter before the exam. This book caters to all aspirants' requirements and makes them do well in the NTA UGC exam. 1. A complete package for NTA UGC NET/JRF/SET PAPER-2 Home Science 2. Coverage of the entire syllabus in 10 units 3. Inclusion of Previous Years&#x2019; Questions and 3 Model Papers 4. Main contents of the chapter are highlighted 5. Approx. 4000+ MCQs are provided to deeply understand topics Table of Content Solved Papers [2022 &#x2013; 2018], Unit 1: Food Science and Food Service Management, Unit 2: Nutrition and Dietetics, Unit 3: Textiles, Unit 4: Apparel Designing, Unit 5: Resource Management and Consumer Issues, Unit 6: Housing and Interior Design, Unit 7: Child/Human Development, Unit 8: Family Studies, Unit 9: Communication For Development, Unit 10: Extension Management and Community Development, Model Papers 1-3</subfield>
  </datafield>
  <datafield tag="650" ind1=" " ind2=" ">
    <subfield code="2">Home Management</subfield>
    <subfield code="a">Home Science</subfield>
    <subfield code="9">130546</subfield>
  </datafield>
  <datafield tag="700" ind1=" " ind2=" ">
    <subfield code="a">Khandelwal, Kanika; Kulshreshtha, Renu; Majumdar, Monika.</subfield>
    <subfield code="9">130547</subfield>
  </datafield>
  <datafield tag="942" ind1=" " ind2=" ">
    <subfield code="2">ddc</subfield>
    <subfield code="c">BK</subfield>
  </datafield>
  <datafield tag="999" ind1=" " ind2=" ">
    <subfield code="c">228443</subfield>
    <subfield code="d">228443</subfield>
  </datafield>
  <datafield tag="952" ind1=" " ind2=" ">
    <subfield code="0">0</subfield>
    <subfield code="1">0</subfield>
    <subfield code="2">ddc</subfield>
    <subfield code="4">0</subfield>
    <subfield code="7">0</subfield>
    <subfield code="8">GEN</subfield>
    <subfield code="a">SACPG</subfield>
    <subfield code="b">SACPG</subfield>
    <subfield code="d">2023-08-11</subfield>
    <subfield code="e">Biblios Book Point</subfield>
    <subfield code="g">520.00</subfield>
    <subfield code="l">11</subfield>
    <subfield code="m">5</subfield>
    <subfield code="o">640.02 SHAN</subfield>
    <subfield code="p">PG024378</subfield>
    <subfield code="r">2026-01-09 11:22:53</subfield>
    <subfield code="s">2025-12-19</subfield>
    <subfield code="v">650.00</subfield>
    <subfield code="w">2023-08-23</subfield>
    <subfield code="y">BK</subfield>
  </datafield>
</record>
